MARC

LEADER 00000nam0a2200000 4500
001 281408
005 20231101235411.0
020 |a RU  |b 86-7925 
035 |a (RuTPU)RU\TPU\book\305126 
090 |a 281408 
100 |a 20150122d1986 km y0rusy5003 ca 
101 0 |a rus 
102 |a RU 
105 |a y z 001zy 
200 1 |a Природа моделей и модели природы  |f под ред. Д. М. Гвишиани, И. Б. Новика, С. А. Пегова 
210 |a Москва  |c Мысль  |d 1986 
215 |a 270 с. 
300 |a Авт. указаны на 8-й с. 
320 |a Библиогр. в примеч.: с. 254-268 
606 1 |a Экосистемы  |x Изучение  |2 stltpush  |3 (RuTPU)RU\TPU\subj\26521  |9 50430 
610 1 |a моделирование 
610 1 |a методология 
610 1 |a экологическое прогнозирование 
610 1 |a модели 
610 1 |a природа 
610 1 |a социально-экологические проблемы 
610 1 |a природная среда 
610 1 |a имитационное моделирование 
610 1 |a антропогенные воздействия 
675 |a 574.4  |z rus  |v 3 
702 1 |a Гвишиани  |b Д. М.  |g Джермен Михайлович  |4 340 
702 1 |a Новик  |b И. Б.  |4 340 
702 1 |a Пегов  |b С. А.  |4 340 
801 0 |a RU  |b RuMRKP  |c 19950704  |g psbo 
801 1 |a RU  |b 63413507  |c 20150122 
801 2 |a RU  |b 63413507  |c 20170630  |g RCR 
942 |c BK